00222nam a2200097Ia 4500008004100000100000900041245002100050260002900071942000700100999001700107190216s9999||||xx |||||||||||||| ||und|| aNull 0aHindi-Andha Kuan bMac Millian And Com. Ltd cBK c17077d17077